00421nam a2200169Ia 4500008004100000020001800041245002400059245005200083260001500135260001600150260000900166300001400175300002500189300001000214500000800224999001900232170705s9999 xx 000 0 und d a9780545349437 aThis tree counts! / cby Alison Formento ; illustrated by Sarah Snow. aNew York : bScholastic, c2010 aunpaged : bcolor illustration ; c21cm. a480 c337154d337154